Reshimat ha-mutsagim be-taʻarukhat ha-kotel ha-maʻaravi, (Record no. 33879)

MARC details
000 -LEADER
fixed length control field 00859cam a22002411 4500
001 - CONTROL NUMBER
control field he 68003439
003 - CONTROL NUMBER IDENTIFIER
control field DLC
005 - DATE AND TIME OF LATEST TRANSACTION
control field 20260227111505.0
008 - FIXED-LENGTH DATA ELEMENTS--GENERAL INFORMATION
fixed length control field 960729s1967 is c 000 0 hebr
010 ## - LIBRARY OF CONGRESS CONTROL NUMBER
LC control number he 68003439
025 ## - OVERSEAS ACQUISITION NUMBER
Overseas acquisition number PL480:Is-7679
035 ## - SYSTEM CONTROL NUMBER
System control number (OCoLC)35157684
040 ## - CATALOGING SOURCE
Original cataloging agency DLC
Transcribing agency CLU
Modifying agency CLU
-- DLC
050 00 - LIBRARY OF CONGRESS CALL NUMBER
Classification number DS109.3
Item number .M6
110 1# - MAIN ENTRY--CORPORATE NAME
Corporate name or jurisdiction name as entry element Moʻatsah ha-datit, Ramat-Gan.
245 00 - TITLE STATEMENT
Title Reshimat ha-mutsagim be-taʻarukhat ha-kotel ha-maʻaravi,
Remainder of title leregel ḥagigat ḥanukat hasifriya hatoranit uftiḥata latsibur ..
Statement of responsibility, etc. ʻArukha beḥofza ʻal yede Meʼir Ṿender.
260 ## - PUBLICATION, DISTRIBUTION, ETC.
Place of publication, distribution, etc. [Ramat-Gan]
Name of publisher, distributor, etc. hamoʻatsa hadatit, Ramat-Gan
Date of publication, distribution, etc. [1967]
300 ## - PHYSICAL DESCRIPTION
Extent 8 l.
Dimensions 21 cm.
500 ## - GENERAL NOTE
General note Cover title.
500 ## - GENERAL NOTE
General note Catalog of an exhibition opening on Dec. 5, 1967.
650 #0 - SUBJECT ADDED ENTRY--TOPICAL TERM
Topical term or geographic name entry element Western Wall (Jerusalem)
General subdivision Exhibitions.
700 1# - ADDED ENTRY--PERSONAL NAME
Personal name Ṿunder, Meʼir,
Relator term ed.

No items available.

Powered by Koha